Представление документа в формате MARC21

Поле Инд. ПП Название Значение
Тип записи a
Библиографический уровень m
001 Контрольный номер 79f1f445f2aa426383ee5e9b6559180a
005 Дата корректировки 20180409143109.0
040 a Служба первич. каталог. НБ ТвГУ
b Код языка каталог. rus
e Правила каталог. PSBO
041 0_ a Код языка текста rus
080 a Индекс УДК 016:821.09(470.331)(0.034)
084 a Индекс другой классификации/Индекс ББК Я19:Ш33(2Рос-4Тве)6д
097 b Оператор vasileva
245 10 a Заглавие Карташова Ирина Вячеславовна
h Физич. носитель Электронный ресурс
b Продолж. заглавия биобиблиографический указатель
c Ответственность Твер. гос. ун-т, Науч. б-ка, Информ.-библиогр. отд. ; сост. Н. А. Корж
260 a Место издания Тверь
c Дата издания 2016
b Издательство Тверской государственный университет
300 a Объем 48 с.
653 0_ a Ключевые слова Библиографические указатели
a Ключевые слова Биобиблиографические указатели
a Ключевые слова Указатели
a Ключевые слова Тверской государственный университет
a Ключевые слова Ученые Тверского государственного университета
a Ключевые слова Труды Тверского государственного университета
a Ключевые слова Кафедра истории русской литературы
a Ключевые слова Литературоведение
a Ключевые слова Литературоведы
a Ключевые слова Филологи
a Ключевые слова Филология
a Ключевые слова Преподаватели Тверского государственного университета
a Ключевые слова Преподаватели
a Ключевые слова Карташова Ирина Вячеславовна
a Ключевые слова Электронные ресурсы
700 12 a Другие авторы Корж Нина Анатольевна
e Роль лиц Составитель
856 40 u URL http://texts.lib.tversu.ru/texts/bu/12737bu.pdf
i Дата подключения ЭОР 20171009
x Примечание для ЭОР Реестр суммарного учета сетевых локальных документов
901 t Тип документа m
920 a Оператор Васил
a Оператор Рунт
930 a Новая/Ретро новая
952 c Вид литературы Т рн
954 a Дата поступления на обработку 20171010